[Event "HUN-ch U20"]
[Site "Szolnok"]
[Date "2024.04.03"]
[Round "4"]
[White "Bende, Eniko Tunde"]
[Black "Balazs, Sztella Anna"]
[Result "1-0"]
[WhiteElo "1650"]
[BlackElo "1805"]
[PlyCount "75"]
[EventDate "2024.03.31"]
[EventType "swiss"]
[EventRounds "9"]
[EventCountry "HUN"]
[SourceTitle "CB16_2024"]
[SourceDate "2024.04.17"]
[SourceVersion "1"]
[SourceVersionDate "2024.04.17"]
[SourceQuality "1"]

1. e4 c5 2. c3 Nf6 3. e5 Nd5 4. d4 d6 5. Nf3 cxd4 6. cxd4 Nc6 7. Bc4 Nb6 8. Bb5 dxe5 9. Nxe5 Bd7 10. Bxc6 Bxc6 11. Nxc6 bxc6 12. 0-0 g6 13. Nc3 Bg7 14. Be3 0-0 15. Qf3 Qd7 16. Rfd1 Rfd8 17. Rac1 Rac8 18. h3 Qb7 19. b3 Nd5 20. Ne4 Qa6 21. Nc5 Qb6 22. Qg3 Nc7 23. a4 Rd5 24. Rd2 Rcd8 25. Rcd1 Ne8 26. a5 Qb4 27. Qf4 Nd6 28. g4 Qxa5 29. f3 Qb4 30. Qg3 Nb7 31. Nxb7 Qxb7 32. f4 Qxb3 33. Rd3 Qc4 34. f5 Bxd4 35. Bxd4 Rxd4 36. Rxd4 Rxd4 37. Qb8+ Kg7 38. Qe5+ 1-0

[Event "Szolnok Agora op 2nd"]
[Site "Szolnok"]
[Date "2023.07.01"]
[Round "6"]
[White "Kiss, Benedek"]
[Black "Bende, Eniko Tunde"]
[Result "1/2-1/2"]
[WhiteElo "1767"]
[BlackElo "1359"]
[PlyCount "49"]
[EventDate "2023.06.29"]
[EventType "swiss"]
[EventRounds "7"]
[EventCountry "HUN"]
[SourceTitle "EXT 2024"]
[Source "ChessBase"]
[SourceDate "2023.10.10"]
[SourceVersion "1"]
[SourceVersionDate "2023.10.10"]
[SourceQuality "1"]

1. e4 c5 2. Nf3 Nc6 3. c3 d5 4. exd5 Qxd5 5. d4 cxd4 6. cxd4 Bg4 7. Nc3 Qd7 8. d5 Bxf3 9. gxf3 Nf6 10. dxc6 bxc6 11. Qxd7+ Kxd7 12. Bg5 e6 13. Bxf6 gxf6 14. 0-0-0+ Ke7 15. Bc4 Bh6+ 16. Kc2 Rhg8 17. Rhg1 Bf4 18. h3 Rae8 19. Ne2 Bd6 20. Rxg8 Rxg8 21. Rg1 Rxg1 22. Nxg1 Bc5 23. Ne2 Bxf2 24. Kd3 f5 25. Nd4 1/2-1/2

[Event "Szolnok Agora op 2nd"]
[Site "Szolnok"]
[Date "2023.06.30"]
[Round "4"]
[White "Panda, Gyorgy"]
[Black "Bende, Eniko Tunde"]
[Result "1-0"]
[WhiteElo "1578"]
[BlackElo "1359"]
[PlyCount "147"]
[EventDate "2023.06.29"]
[EventType "swiss"]
[EventRounds "7"]
[EventCountry "HUN"]
[SourceTitle "EXT 2024"]
[Source "ChessBase"]
[SourceDate "2023.10.10"]
[SourceVersion "1"]
[SourceVersionDate "2023.10.10"]
[SourceQuality "1"]

1. Nf3 d5 2. g3 Nf6 3. Bg2 c5 4. 0-0 Nc6 5. d4 cxd4 6. Nxd4 g6 7. Nxc6 bxc6 8. c4 Bg7 9. Nc3 Bb7 10. Qb3 Qd7 11. Rd1 Rd8 12. Be3 0-0 13. cxd5 cxd5 14. Na4 Bc6 15. Nc5 Qc7 16. Rac1 Qb6 17. Qc2 Qb5 18. a4 Qa5 19. b4 Qxb4 20. Nd3 Qxa4 21. Qxc6 Qxc6 22. Rxc6 Ne4 23. Bxa7 Nc3 24. Re1 Ra8 25. Bc5 Rfe8 26. e3 e5 27. Nb4 d4 28. exd4 exd4 29. Rxe8+ Rxe8 30. Bf1 Ne4 31. Bb6 Nd2 32. Ba6 Nf3+ 33. Kg2 Ne1+ 34. Kh3 Bf8 35. Nd3 Nxd3 36. Bxd3 Bg7 37. Rd6 Be5 38. Rd7 Kg7 39. Bc4 Kh6 40. Bxf7 Rf8 41. Bc5 Rc8 42. Bxd4 Bxd4 43. Rxd4 Rc2 44. f4 Kg7 45. Rd7 Kf6 46. Bg8 Kf5 47. Bxh7 Kf6 48. Rd6+ Kg7 49. Bxg6 Rc7 50. f5 Rc8 51. Kg4 Rh8 52. h4 Rf8 53. Kg5 Kh8 54. Rd7 Kg8 55. h5 Kh8 56. h6 Rb8 57. g4 Ra8 58. Re7 Rf8 59. Re8 Rxe8 60. Bxe8 Kh7 61. Kh5 Kh8 62. Kg6 Kg8 63. f6 Kh8 64. g5 Kg8 65. f7+ Kf8 66. h7 Ke7 67. h8Q Ke6 68. f8Q Kd5 69. Kf5 Kc4 70. g6 Kb3 71. g7 Kc2 72. g8Q Kd3 73. Qd5+ Ke3 74. Qe7+ 1-0

[Event "Szolnok Agora op 2nd"]
[Site "Szolnok"]
[Date "2023.06.29"]
[Round "2"]
[White "Babucs, Illes"]
[Black "Bende, Eniko Tunde"]
[Result "1-0"]
[WhiteElo "1735"]
[BlackElo "1359"]
[PlyCount "79"]
[EventDate "2023.06.29"]
[EventType "swiss"]
[EventRounds "7"]
[EventCountry "HUN"]
[SourceTitle "EXT 2024"]
[Source "ChessBase"]
[SourceDate "2023.10.10"]
[SourceVersion "1"]
[SourceVersionDate "2023.10.10"]
[SourceQuality "1"]

1. e4 c5 2. c3 d5 3. exd5 Qxd5 4. d4 cxd4 5. cxd4 Nc6 6. Nf3 Nf6 7. Nc3 Qd8 8. Bb5 Bd7 9. 0-0 a6 10. Ba4 b5 11. Bb3 e6 12. d5 exd5 13. Nxd5 Be7 14. Nxe7 Nxe7 15. Bg5 Ne4 16. Bxe7 Qxe7 17. Bd5 0-0 18. Bxa8 Rxa8 19. Qd5 Rd8 20. Rad1 Nf6 21. Qb7 a5 22. Rfe1 Qc5 23. Ne5 Qc8 24. Qxc8 Rxc8 25. Nxd7 Nxd7 26. Rxd7 g6 27. g3 Rc2 28. Rb1 Kg7 29. Rd5 a4 30. Rxb5 Rc4 31. a3 Re4 32. Rb4 Re5 33. Rxa4 Rb5 34. Rb4 Ra5 35. Rc1 Kf6 36. Rc7 Kg7 37. Rbb7 Rf5 38. b4 Kg8 39. a4 f6 40. Rb8# 1-0

[Event "HUN-chT U18"]
[Site "Budapest"]
[Date "2022.11.02"]
[Round "4.3"]
[White "Magyar, Erik Ferenc"]
[Black "Bende, Eniko Tunde"]
[Result "1-0"]
[WhiteElo "1533"]
[BlackElo "1403"]
[PlyCount "103"]
[EventDate "2022.10.31"]
[EventType "team-swiss"]
[EventRounds "7"]
[EventCountry "HUN"]
[SourceTitle "CBM 211 Extra"]
[Source "ChessBase"]
[SourceDate "2023.01.31"]
[SourceVersion "1"]
[SourceVersionDate "2023.01.31"]
[SourceQuality "1"]
[WhiteTeam "Varosgazda Akademia"]
[BlackTeam "TFSE II"]
[WhiteTeamCountry "HUN"]
[BlackTeamCountry "HUN"]

1. e4 c5 2. Nf3 Nc6 3. d3 Nf6 4. Be2 g6 5. c3 Bg7 6. Nbd2 0-0 7. h3 d5 8. Qc2 Re8 9. a4 e5 10. Nf1 Nh5 11. Ne3 Nf4 12. exd5 Nxd5 13. Nxd5 Qxd5 14. 0-0 Bf5 15. Nh4 Be6 16. f4 Qd6 17. f5 Bd7 18. Qb3 Na5 19. Qa2 Bf6 20. fxg6 hxg6 21. Bh6 g5 22. Bxg5 Re6 23. Nf5 Qb6 24. Bxf6 Rxf6 25. Ne7+ Kh8 26. Nd5 Rxf1+ 27. Rxf1 Qg6 28. Ne7 Qe6 29. Qxe6 Bxe6 30. Nf5 Bb3 31. Nd6 Rf8 32. Bd1 Bd5 33. Bf3 Bxf3 34. Rxf3 f6 35. Ne4 c4 36. dxc4 Nxc4 37. b3 Na5 38. b4 Nc6 39. Rxf6 Rxf6 40. Nxf6 Kg7 41. Ne4 Kg6 42. Kf2 Ne7 43. g4 Nd5 44. h4 Nf4 45. h5+ Kh6 46. Kg3 Ne6 47. Kh4 Nf4 48. g5+ Kh7 49. Kg4 Kg7 50. g6 Kh6 51. Ng3 Nd3 52. Nf5# 1-0

[Event "HUN-chT U18"]
[Site "Budapest"]
[Date "2022.10.31"]
[Round "1.3"]
[White "Szakmary, Domonkos"]
[Black "Bende, Eniko Tunde"]
[Result "1-0"]
[WhiteElo "1862"]
[BlackElo "1403"]
[PlyCount "121"]
[EventDate "2022.10.31"]
[EventType "team-swiss"]
[EventRounds "7"]
[EventCountry "HUN"]
[SourceTitle "CBM 211 Extra"]
[Source "ChessBase"]
[SourceDate "2023.01.31"]
[SourceVersion "1"]
[SourceVersionDate "2023.01.31"]
[SourceQuality "1"]
[WhiteTeam "Biatorbagy"]
[BlackTeam "TFSE II"]
[WhiteTeamCountry "HUN"]
[BlackTeamCountry "HUN"]

1. e4 c5 2. Nf3 Nc6 3. d4 cxd4 4. Nxd4 g6 5. c4 Nf6 6. Nc3 Nxd4 7. Qxd4 d6 8. Be2 Bg7 9. Bg5 Qa5 10. Qd2 Be6 11. Rc1 0-0 12. 0-0 Rfc8 13. b3 a6 14. f4 Qb6+ 15. Kh1 Qc6 16. Bf3 Qd7 17. Na4 Qd8 18. e5 dxe5 19. fxe5 Qxd2 20. Bxd2 Nd7 21. Bxb7 Rab8 22. Bxc8 Rxc8 23. Bc3 Bf5 24. Rfe1 Bh6 25. Rcd1 Bg4 26. e6 Nf6 27. Nb6 Re8 28. exf7+ Kxf7 29. Rb1 Bf5 30. Rbd1 Bg4 31. Ra1 Bf5 32. h3 Ne4 33. Nd5 Nxc3 34. Nxc3 Bd2 35. Nd5 Bxe1 36. Rxe1 e5 37. Nc7 a5 38. Nxe8 Kxe8 39. Rxe5+ Kd7 40. Rxa5 Kc6 41. Rxf5 gxf5 42. Kh2 h5 43. Kg3 Kd6 44. Kf4 Ke6 45. a4 Kd6 46. Kxf5 Kc5 47. Kg5 Kb4 48. Kxh5 Kxb3 49. c5 Kxa4 50. c6 Ka5 51. c7 Kb5 52. Kg5 Kb6 53. c8Q Kb5 54. h4 Kb4 55. h5 Kb3 56. h6 Kb2 57. h7 Kb1 58. Qc7 Kb2 59. h8R Kb3 60. Rb8+ Ka3 61. Qa7# 1-0

[Event "Budapest FS09 FM"]
[Site "Budapest"]
[Date "2022.09.06"]
[Round "4"]
[White "Bende, Eniko Tunde"]
[Black "Hradeczky, Tamas"]
[Result "1/2-1/2"]
[WhiteElo "1412"]
[BlackElo "1816"]
[PlyCount "61"]
[EventDate "2022.09.03"]
[EventType "tourn"]
[EventRounds "9"]
[EventCountry "HUN"]
[SourceTitle "CBM 210 Extra"]
[Source "ChessBase"]
[SourceDate "2022.11.30"]
[SourceVersion "1"]
[SourceVersionDate "2022.11.30"]
[SourceQuality "1"]

1. Nf3 d5 2. d4 Nf6 3. g3 e6 4. Bg2 Nbd7 5. Bf4 Ne4 6. Nbd2 f5 7. Nxe4 fxe4 8. Ng5 Nf6 9. 0-0 h6 10. Nh3 Bd6 11. Qd2 Qe7 12. Rac1 e5 13. dxe5 Bxe5 14. Bxe5 Qxe5 15. c4 Bxh3 16. Bxh3 d4 17. Qb4 Kf7 18. c5 Rhd8 19. Qc4+ Kg6 20. Rfe1 b5 21. cxb6 axb6 22. f3 c5 23. fxe4 Qxe4 24. Bg2 Qe3+ 25. Kh1 Rac8 26. Qc2+ Kf7 27. Qc4+ Kg6 28. Qc2+ Kf7 29. Qc4+ Kg6 30. Qc2+ Kf7 31. Qc4+ 1/2-1/2

[Event "Budapest FS09 FM"]
[Site "Budapest"]
[Date "2022.09.05"]
[Round "3"]
[White "Bende, Eniko Tunde"]
[Black "Szlenka, Attila"]
[Result "0-1"]
[WhiteElo "1412"]
[BlackElo "1607"]
[PlyCount "134"]
[EventDate "2022.09.03"]
[EventType "tourn"]
[EventRounds "9"]
[EventCountry "HUN"]
[SourceTitle "CBM 210 Extra"]
[Source "ChessBase"]
[SourceDate "2022.11.30"]
[SourceVersion "1"]
[SourceVersionDate "2022.11.30"]
[SourceQuality "1"]

1. d4 Nf6 2. c4 g6 3. Nc3 Bg7 4. Nf3 0-0 5. g3 d6 6. Bg2 Nc6 7. 0-0 Bg4 8. Bf4 Qd7 9. Qd2 Rfe8 10. d5 Na5 11. b3 b6 12. Rac1 e5 13. dxe6 fxe6 14. Rfd1 Rab8 15. h3 Bxf3 16. exf3 Nb7 17. Bg5 a5 18. Bxf6 Bxf6 19. Ne4 Qg7 20. f4 Bb2 21. Rc2 Ba3 22. Qd4 Nd8 23. Qxg7+ Kxg7 24. Nc3 c6 25. Ne4 d5 26. cxd5 exd5 27. Ng5 Rb7 28. Nf3 Rbe7 29. Ne5 Bc5 30. Kh2 Kf6 31. Bf3 Rc7 32. Nd3 Bd6 33. Rb1 Ne6 34. Kg2 Nd4 35. Rc3 Nxf3 36. Kxf3 c5 37. Nb2 Rce7 38. Rc2 Re1 39. Rxe1 Rxe1 40. Na4 Bc7 41. Nc3 Ke6 42. Ne2 Bd6 43. Nc3 d4 44. Ne4 Be7 45. a4 Rb1 46. Nd2 Re1 47. Nc4 Bd8 48. Re2+ Rxe2 49. Kxe2 Kd5 50. Kd3 Bc7 51. f3 Kc6 52. Na3 Kd5 53. Nb5 Bd8 54. Na3 Be7 55. Nc4 Bd8 56. Ne5 Bc7 57. Nf7 b5 58. axb5 a4 59. bxa4 c4+ 60. Kc2 d3+ 61. Kd1 Kd4 62. Ne5 c3 63. Ng4 Bd6 64. b6 c2+ 65. Kd2 Bb4+ 66. Kc1 Kc3 67. b7 Ba3# 0-1

[Event "Budapest FS09 FM"]
[Site "Budapest"]
[Date "2022.09.03"]
[Round "1"]
[White "Hradeczky, Tamas"]
[Black "Bende, Eniko Tunde"]
[Result "1-0"]
[WhiteElo "1816"]
[BlackElo "1412"]
[PlyCount "111"]
[EventDate "2022.09.03"]
[EventType "tourn"]
[EventRounds "9"]
[EventCountry "HUN"]
[SourceTitle "CBM 210 Extra"]
[Source "ChessBase"]
[SourceDate "2022.11.30"]
[SourceVersion "1"]
[SourceVersionDate "2022.11.30"]
[SourceQuality "1"]

1. d4 d5 2. Nf3 Nf6 3. c4 c6 4. Nc3 g6 5. Bg5 Bg7 6. e3 0-0 7. Bd3 Be6 8. cxd5 Nxd5 9. Rc1 Qb6 10. Nxd5 Bxd5 11. Bxe7 Re8 12. Ba3 Bxa2 13. 0-0 Nd7 14. Nd2 Rac8 15. Bc4 Bxc4 16. Nxc4 Qa6 17. Nd6 Red8 18. Qb3 Rf8 19. Qxb7 Qxb7 20. Nxb7 Rfe8 21. Nd6 Red8 22. Nxc8 Rxc8 23. Bd6 Nb6 24. Rc2 Bf6 25. Rfc1 Kg7 26. Rxc6 Re8 27. Bc5 Rb8 28. Bxb6 axb6 29. Ra1 Bd8 30. Ra7 Kg8 31. g3 Kg7 32. e4 Kg8 33. Rd6 f5 34. Rdd7 h5 35. Rg7+ Kh8 36. Rh7+ Kg8 37. Rag7+ Kf8 38. Rb7 Rxb7 39. Rxb7 Ke8 40. b4 Be7 41. Rxb6 Kd7 42. b5 Kc7 43. Rxg6 Bd6 44. Rg5 Kb6 45. Rxf5 Kc7 46. Rxh5 Kd8 47. b6 Kc8 48. Rh7 Kb8 49. h4 Kc8 50. Rf7 Kd8 51. h5 Ke8 52. Rf6 Ke7 53. Rxd6 Kxd6 54. h6 Kc6 55. h7 Kxb6 56. h8Q 1-0

[Event "Szolnok op"]
[Site "Szolnok"]
[Date "2022.06.16"]
[Round "2"]
[White "Bende, Eniko Tunde"]
[Black "Karolyi, Jozsef"]
[Result "0-1"]
[WhiteElo "1142"]
[BlackElo "1536"]
[PlyCount "98"]
[EventDate "2022.06.16"]
[EventType "swiss"]
[EventRounds "7"]
[EventCountry "HUN"]
[SourceTitle "CBM 209 Extra"]
[Source "ChessBase"]
[SourceDate "2022.09.30"]
[SourceVersion "1"]
[SourceVersionDate "2022.09.30"]
[SourceQuality "1"]

1. c4 e5 2. Nc3 Nf6 3. Nf3 Nc6 4. d4 exd4 5. Nxd4 Bb4 6. Bd2 Nxd4 7. a3 Bxc3 8. Bxc3 Nc6 9. b4 d6 10. b5 Ne5 11. Bxe5 dxe5 12. Qxd8+ Kxd8 13. Rd1+ Ke7 14. g3 Be6 15. c5 Bd5 16. f3 c6 17. e4 Be6 18. bxc6 bxc6 19. Bg2 Rhd8 20. 0-0 Rxd1 21. Rxd1 Ne8 22. f4 f6 23. f5 Bc4 24. Rc1 Ba6 25. h4 Rd8 26. g4 h6 27. Bf3 Rd3 28. Be2 Rxa3 29. Bd1 Bb5 30. Kf2 a5 31. Kg2 a4 32. h5 Nc7 33. Bf3 Bd3 34. Kf2 Nb5 35. Ke3 Nd4 36. Kf2 Nxf3 37. Kxf3 Bb5+ 38. Kf2 Rd3 39. Ra1 Rc3 40. Ra2 Rxc5 41. Ke3 Rc3+ 42. Kf2 a3 43. Rd2 Bd3 44. Kf3 Bc2+ 45. Ke2 a2 46. Kf2 a1Q 47. Ke2 Qg1 48. Rxc2 Re3+ 49. Kd2 Qe1# 0-1

[Event "First Saturday FM April 2022"]
[Site "Budapest"]
[Date "2022.04.12"]
[Round "10"]
[White "Mayer, Istvan"]
[Black "Bende, Eniko Tunde"]
[Result "1-0"]
[WhiteElo "1776"]
[BlackElo "1122"]
[PlyCount "69"]
[EventDate "2022.04.02"]
[EventType "tourn"]
[EventRounds "10"]
[EventCountry "HUN"]
[SourceTitle "CBM 208 Extra"]
[Source "ChessBase"]
[SourceDate "2022.07.31"]
[SourceVersion "1"]
[SourceVersionDate "2022.07.31"]
[SourceQuality "1"]

1. e4 c5 2. Nf3 Nc6 3. Nc3 g6 4. Bc4 Bg7 5. 0-0 Nf6 6. e5 Ng4 7. Bxf7+ Kxf7 8. Ng5+ Kg8 9. Qxg4 Nxe5 10. Qg3 d6 11. f4 Nc6 12. Nd5 e6 13. Ne3 Qe7 14. c3 Bd7 15. d3 Rf8 16. Bd2 d5 17. Rae1 Qd6 18. h4 b5 19. Ng4 d4 20. h5 Ne7 21. h6 Nf5 22. Qh3 Bf6 23. Ne4 Qe7 24. Nexf6+ Rxf6 25. Nxf6+ Qxf6 26. Re5 Qf8 27. g4 Nd6 28. cxd4 cxd4 29. Bb4 a5 30. Bc5 b4 31. f5 Qd8 32. fxe6 Be8 33. Qf3 Bb5 34. Qf7+ Nxf7 35. exf7# 1-0

[Event "First Saturday FM April 2022"]
[Site "Budapest"]
[Date "2022.04.10"]
[Round "8"]
[White "Bende, Eniko Tunde"]
[Black "Szlenka, Attila"]
[Result "1/2-1/2"]
[WhiteElo "1122"]
[BlackElo "1678"]
[PlyCount "76"]
[EventDate "2022.04.02"]
[EventType "tourn"]
[EventRounds "10"]
[EventCountry "HUN"]
[SourceTitle "CBM 208 Extra"]
[Source "ChessBase"]
[SourceDate "2022.07.31"]
[SourceVersion "1"]
[SourceVersionDate "2022.07.31"]
[SourceQuality "1"]

1. d4 Nf6 2. Nf3 g6 3. g3 Bg7 4. Bg2 d6 5. 0-0 0-0 6. c4 Bg4 7. Nc3 Qc8 8. Bg5 h6 9. Be3 Bh3 10. Qd2 Bxg2 11. Kxg2 Kh8 12. h3 Nbd7 13. Rac1 c6 14. Rfd1 Nb6 15. Qd3 d5 16. c5 Nc4 17. b3 Nb2 18. Qc2 Nxd1 19. Qxd1 Nd7 20. b4 e5 21. dxe5 Nxe5 22. Nxe5 Bxe5 23. Bxh6 Bg7 24. Bxg7+ Kxg7 25. Qd4+ f6 26. b5 Qe6 27. bxc6 bxc6 28. e4 Rfd8 29. exd5 cxd5 30. Nb5 Qc6 31. Nc3 Rac8 32. Ne2 Re8 33. Nf4 Rcd8 34. h4 Re4 35. Qd3 d4 36. f3 Rxf4 37. gxf4 Qc7 38. Qe4 d3 1/2-1/2

[Event "First Saturday FM April 2022"]
[Site "Budapest"]
[Date "2022.04.09"]
[Round "7"]
[White "Gruz, Janos"]
[Black "Bende, Eniko Tunde"]
[Result "1/2-1/2"]
[WhiteElo "1539"]
[BlackElo "1122"]
[PlyCount "69"]
[EventDate "2022.04.02"]
[EventType "tourn"]
[EventRounds "10"]
[EventCountry "HUN"]
[SourceTitle "CBM 208 Extra"]
[Source "ChessBase"]
[SourceDate "2022.07.31"]
[SourceVersion "1"]
[SourceVersionDate "2022.07.31"]
[SourceQuality "1"]

1. d4 d5 2. Nf3 Nf6 3. Bf4 c5 4. e3 Nc6 5. c3 Qb6 6. Qb3 c4 7. Qxb6 axb6 8. Na3 e6 9. Nb5 Ra5 10. Nd6+ Bxd6 11. Bxd6 Ne4 12. Bc7 Rb5 13. Nd2 0-0 14. Nxe4 dxe4 15. 0-0-0 Na5 16. Be2 Bd7 17. Kc2 Rc8 18. Bd6 Rd5 19. Ba3 Ba4+ 20. Kd2 Bxd1 21. Rxd1 e5 22. Kc2 exd4 23. cxd4 b5 24. Kc3 b6 25. Be7 Nc6 26. Ba3 Ra8 27. Rd2 Ra4 28. Kc2 Na5 29. Kc3 Nc6 30. Kc2 Nb4+ 31. Kb1 Nd3 32. f3 f5 33. fxe4 fxe4 34. Bg4 b4 35. Be6+ 1/2-1/2

[Event "First Saturday FM April 2022"]
[Site "Budapest"]
[Date "2022.04.08"]
[Round "6"]
[White "Bende, Eniko Tunde"]
[Black "Csiba, Tibor"]
[Result "0-1"]
[WhiteElo "1122"]
[BlackElo "1542"]
[PlyCount "128"]
[EventDate "2022.04.02"]
[EventType "tourn"]
[EventRounds "10"]
[EventCountry "HUN"]
[SourceTitle "CBM 208 Extra"]
[Source "ChessBase"]
[SourceDate "2022.07.31"]
[SourceVersion "1"]
[SourceVersionDate "2022.07.31"]
[SourceQuality "1"]

1. c4 Nf6 2. Nc3 e6 3. d4 Bb4 4. Bd2 d5 5. cxd5 exd5 6. Nf3 0-0 7. g3 Bg4 8. Bg2 c6 9. 0-0 Nbd7 10. a3 Bxc3 11. Bxc3 Ne4 12. Nd2 Nxc3 13. bxc3 Re8 14. Re1 b5 15. h3 Bh5 16. g4 Bg6 17. e4 dxe4 18. Nxe4 Bxe4 19. Bxe4 Rc8 20. Qd3 g6 21. d5 Nc5 22. Qd4 Nxe4 23. Rxe4 Rxe4 24. Qxe4 cxd5 25. Qd4 a6 26. a4 Rc4 27. Qd3 Qa5 28. Qxd5 Qxc3 29. Qd1 Rd4 30. Qf1 bxa4 31. Rc1 Qf3 32. Rc8+ Kg7 33. Qa1 Qd5 34. Rc2 Kh6 35. Qc1+ Qg5 36. Qxg5+ Kxg5 37. Ra2 Kh4 38. Kg2 f5 39. gxf5 gxf5 40. Ra3 Kg5 41. Kg3 Rb4 42. Kg2 f4 43. f3 Kh4 44. Ra2 a3 45. Rxa3 Rb2+ 46. Kf1 Kxh3 47. Rxa6 Kg3 48. Ra3 h5 49. Ra5 h4 50. Rh5 h3 51. Ke1 Rh2 52. Kf1 Rf2+ 53. Ke1 Ra2 54. Kf1 h2 55. Ke1 Kxf3 56. Kd1 Kg2 57. Kc1 h1Q+ 58. Rxh1 Kxh1 59. Kb1 Rg2 60. Kc1 f3 61. Kd1 Kg1 62. Ke1 Ra2 63. Kd1 f2 64. Kc1 f1Q# 0-1

[Event "First Saturday FM April 2022"]
[Site "Budapest"]
[Date "2022.04.05"]
[Round "4"]
[White "Szurkos, Andras"]
[Black "Bende, Eniko Tunde"]
[Result "1-0"]
[WhiteElo "1569"]
[BlackElo "1122"]
[PlyCount "101"]
[EventDate "2022.04.02"]
[EventType "tourn"]
[EventRounds "10"]
[EventCountry "HUN"]
[SourceTitle "CBM 208 Extra"]
[Source "ChessBase"]
[SourceDate "2022.07.31"]
[SourceVersion "1"]
[SourceVersionDate "2022.07.31"]
[SourceQuality "1"]

1. e4 c5 2. Bc4 Nc6 3. f4 Nf6 4. Nc3 d6 5. Nf3 g6 6. 0-0 Bg7 7. d3 0-0 8. h3 Na5 9. Bb3 Nxb3 10. axb3 Be6 11. Qe1 Re8 12. g4 Qc8 13. Qg3 a6 14. f5 Bd7 15. Qh4 e6 16. Bh6 Bh8 17. Bg5 Qd8 18. Bf4 Bc6 19. Bg5 Bg7 20. Rae1 e5 21. Nd2 b5 22. fxg6 hxg6 23. Bxf6 Bxf6 24. Qxf6 Qxf6 25. Rxf6 Rad8 26. Ref1 Re7 27. Nf3 Be8 28. Ng5 b4 29. Nd5 Rb7 30. h4 Rdd7 31. h5 gxh5 32. gxh5 Kh8 33. Kh2 Kg8 34. Rg1 Kh8 35. Rh6+ Kg7 36. Rh7+ Kf8 37. h6 Kg8 38. Nf6+ Kf8 39. Rf1 Ke7 40. Rh8 Rd8 41. h7 Rbb8 42. Rg8 Bd7 43. h8Q Rxg8 44. Nxg8+ Kd8 45. Rxf7 Kc7 46. Qh7 Rd8 47. Ne6+ Kc8 48. Nxd8 Kxd8 49. Rxd7+ Kc8 50. Qe7 Kb8 51. Qf8# 1-0

[Event "HUN-ch U12"]
[Site "Tapolca"]
[Date "2021.08.02"]
[Round "1"]
[White "Bende, Eniko Tunde"]
[Black "Biro, Beata"]
[Result "0-1"]
[WhiteElo "1149"]
[BlackElo "1340"]
[PlyCount "102"]
[EventDate "2021.08.01"]
[EventType "swiss"]
[EventRounds "7"]
[EventCountry "HUN"]
[SourceTitle "EXT 2022"]
[Source "ChessBase"]
[SourceDate "2021.10.06"]
[SourceVersion "1"]
[SourceVersionDate "2021.10.06"]
[SourceQuality "1"]

1. Nf3 e6 2. d4 d5 3. g3 c5 4. c3 Nc6 5. Bg2 Nf6 6. 0-0 Be7 7. Be3 Qb6 8. b3 0-0 9. Nbd2 Bd7 10. Rb1 Rac8 11. Qc2 cxd4 12. Bf4 dxc3 13. Qxc3 Nb4 14. Qe3 Bc5 15. Qe5 Bb5 16. a3 Nc6 17. Qg5 Bxe2 18. Rfc1 Bd3 19. Ra1 Be7 20. Ne5 Ne4 21. Qh5 Qxf2+ 22. Kh1 Nxe5 23. Nxe4 Bxe4 24. Bxe4 dxe4 25. Rf1 Qb6 26. Qxe5 Bf6 27. Qxe4 Bxa1 28. Rxa1 Qc6 29. Qxc6 Rxc6 30. Rd1 Rfc8 31. b4 f6 32. b5 Rc3 33. a4 e5 34. Bd2 Rd3 35. Rc1 Rxc1+ 36. Bxc1 Rd1+ 37. Kg2 Rxc1 38. Kf3 Rc4 39. a5 f5 40. b6 axb6 41. axb6 Rb4 42. Ke3 f4+ 43. gxf4 exf4+ 44. Kf3 g5 45. Kg2 g4 46. Kf2 Rb2+ 47. Kg1 h5 48. Kh1 h4 49. h3 g3 50. Kg1 f3 51. Kf1 Rb1# 0-1